LEADER 05765nam 22006612 450 001 9910450017903321 005 20151005020622.0 010 $a1-107-11870-0 010 $a1-280-42102-9 010 $a9786610421022 010 $a0-511-17246-X 010 $a0-511-04910-2 010 $a0-511-15124-1 010 $a0-511-53550-3 010 $a0-511-31054-4 010 $a0-511-04068-7 035 $a(CKB)1000000000000975 035 $a(EBL)803021 035 $a(OCoLC)761647170 035 $a(SSID)ssj0000112525 035 $a(PQKBManifestationID)11133796 035 $a(PQKBTitleCode)TC0000112525 035 $a(PQKBWorkID)10098202 035 $a(PQKB)10479019 035 $a(UkCbUP)CR9780511535505 035 $a(MiAaPQ)EBC803021 035 $a(Au-PeEL)EBL803021 035 $a(CaPaEBR)ebr10062255 035 $a(CaONFJC)MIL42102 035 $a(EXLCZ)991000000000000975 100 $a20090429d2000|||| uy| 0 101 0 $aeng 135 $aur||||||||||| 181 $ctxt$2rdacontent 182 $cc$2rdamedia 183 $acr$2rdacarrier 200 00$aBiotic response to global change $ethe last 145 million years /$fedited by Stephen J. Culver and Peter F. Rawson$b[electronic resource] 210 1$aCambridge :$cCambridge University Press,$d2000. 215 $a1 online resource (xiii, 501 pages) $cdigital, PDF file(s) 300 $aTitle from publisher's bibliographic system (viewed on 05 Oct 2015). 311 $a0-521-03419-1 311 $a0-521-66304-0 320 $aIncludes bibliographical references (p. 399-473) and index. 327 $a1. Introduction / Stephen J. Culver and Peter F. Rawson -- 2. The Cretaceous world / Andrew S. Gale -- 3. The Cenozoic world / Kevin T. Pickering -- 4. Calcareous nannoplankton and global climate change / Jackie A. Burnett, Jeremy R. Young and Paul R. Bown -- 5. Phenotypic Response of Foraminifera to episodes of global environmental change / Norman Macleod [and others] -- 6. The response of planktonic formanifera to the late Pliocene intensification of northern hemisphere glaciation / Mark R. Chapman -- 7. The response of Cretaceous cephalopods to global change / Peter F. Rawson -- 8. Global change and the fossil fish record : the relevance of systematics / Peter Forey -- 9. Response of shallow water foraminiferal paleocommunities to global and regional environmental change / Stephen J. Culver and Martin A. Buzas -- 10. Intrinsic and extrinsic controls on the diversification of the Bivalvia / J. Alistair Crame -- 11. Global events and biotic interaction as controls on the evolution of gastropods / Noel Morris and John Taylor -- 12. Algal symbiosis and the collapse and recovery of reef communities : Lazarus corals across the K-T boundary / Brian R. Rosen -- 13. Changes in the diversity, taxic composition and life-history patterns of echinoids over the past 145 million years / Andrew B. Smith and Charlotte H. Jeffrey -- 14. Origin of the modern Bryozoan fauna / Paul D. Taylor -- 15. Angiosperm diversification and Cretaceous environmental change / Richard Lupia, Peter R. Crane and Scott Lidgard -- 16. Cenozoic evolution of modern plant communities and vegetation / Margaret E. Collinson -- 17. Leaf physiognomy and climate change / Robert A. Spicer -- 18. Biotic response to late Quaternary global change -- the pollen record : a case study from the Upper Thames Valley, England / Adrian G. Parker -- 19. The Cretaceous and Cenozoic record of insects (Hexapods) with regard to global change / Andrew J. Ross, Ed A. Jarzembowski and Stephen J. Brooks -- 20. The palaeoclimatological significance of Late Cenozoic Coloeoptera : familiar species in very unfamiliar circumstances / G. Russell Coope -- 21. Amphibians, reptiles and birds : a biogeographical review / Angela C. Milner, Andrew R. Milner and Susan E. Evans -- 22. Paleogene mammals : crises and ecological change Jeremy J. Hooker -- 23. Response of Old World terrestrial vertebrate biotas to neogene climate change / Peter J. Whybrow and Peter Andrews -- 24. Mammalian response to global change in the later quaternary of the British Isles / Andrew Currant -- 25. Human evolution : how an African primate became global / Chris Stringer -- 26. The biotic responses to global change : a summary / Stephen J. Culver and Peter F. Rawson. 330 $aConcern about the effects of global change on our planet's future has driven much research into the last few thousand years of earth history. In contrast, this volume takes a much longer viewpoint to provide a historical perspective to recent and future global change. Over 40 international specialists investigate the reaction of life to global environmental changes, from Cretaceous times to the turn of the century. During this time earth's climate has changed from a very warm, 'greenhouse' phase with no significant ice sheets to today's 'ice-house' world. A wide spectrum of animal, plant and protistan life is discussed, encompassing terrestrial, shallow-marine and deep-marine realms. Each chapter considers a particular taxonomic group, looking first at the general picture and then focusing on more specialized aspects such as extinctions, diversity and biogeography. This volume will form an invaluable reference for researchers and graduate students in paleontology, geology, biology, oceanography and climatology. 606 $aPaleoclimatology 606 $aClimatic changes 615 0$aPaleoclimatology. 615 0$aClimatic changes. 676 $a577.2/2 702 $aCulver$b Stephen J. 702 $aRawson$b Peter Franklin 801 0$bUkCbUP 801 1$bUkCbUP 906 $aBOOK 912 $a9910450017903321 996 $aBiotic response to global change$92480399 997 $aUNINA LEADER 01511nam 2200373 n 450 001 996391172103316 005 20200824121755.0 035 $a(CKB)4940000000106110 035 $a(EEBO)2240891843 035 $a(UnM)99858848e 035 $a(UnM)99858848 035 $a(EXLCZ)994940000000106110 100 $a19850318d1651 uy | 101 0 $aeng 135 $aurbn||||a|bb| 200 10$aBrief notes upon the whole book of Psalms$b[electronic resource] $ePut forth for the help of such who desire to exercise themselves in them, and cannot understand without a guid. Being a pithie and clear opening of the scope and meaning of the text, to the capacitie of the weakest. /$fBy George Abbot 210 $aLondon $cPrinted by William Bentley, and are to be sold by John Williams at the Crown, and Francis Eglesfield at the Mary-gold, in S. Pauls Church-yard$dAnno Dom. 1651 215 $a[14], 772 p 300 $aDedication signed: Richard Vines. 300 $a"To the reader" signed: G.F. 300 $aAnnotation on Thomason copy: "Aprill 21". 300 $aReproduction of the original in the British Library. 330 $aeebo-0018 700 $aAbbot$b George$f1603-1649.$01002030 701 $aVines$b Richard$f1600?-1656.$01001686 701 $aG. F$01002031 801 0$bCu-RivES 801 1$bCu-RivES 801 2$bCStRLIN 801 2$bWaOLN 906 $aBOOK 912 $a996391172103316 996 $aBrief notes upon the whole book of Psalms$92299818 997 $aUNISA LEADER 10055nam 2201669 450 001 9910794115103321 005 20230805012548.0 010 $a1-63853-462-4 010 $a1-62623-502-3 024 7 $a10.1055/b-006-160163 035 $a(CKB)4100000011309109 035 $a(MiAaPQ)EBC6229923 035 $a10.1055-b-006-160163 035 $a(DE-2912)1593172647609 035 $a(EXLCZ)994100000011309109 100 $a20201010d2020 uy 0 101 0 $aeng 135 $aurcnu|||||||| 181 $ctxt$2rdacontent 182 $cc$2rdamedia 183 $acr$2rdacarrier 200 10$aPediatric Endoscopic Endonasal Skull Base Surgery /$fby: Singh, Harminder, Greenfield, Jeffrey P., Anand, Vijay K., Schwartz, Theodore H. 210 1$aNew York, New York :$cThieme,$d2020. 215 $a1 online resource (262 pages) 311 $a1-62623-501-5 320 $aIncludes bibliographical references and index. 606 $aNeurosurgery 606 $aOtorhinolaryngology, Phoniatrics, Audiology 606 $aPediatric & Neonatal Medicine 615 4$aNeurosurgery. 615 4$aOtorhinolaryngology, Phoniatrics, Audiology. 615 4$aPediatric & Neonatal Medicine. 676 $a617.5/140597 700 $aAlalade$b Andrew$4aut$4http://id.loc.gov/vocabulary/relators/aut$01490967 702 $aSingh$b Harminder$4edt$4http://id.loc.gov/vocabulary/relators/edt 702 $aGreenfield$b Jeffrey P$4edt$4http://id.loc.gov/vocabulary/relators/edt 702 $aAnand$b Vijay K$4edt$4http://id.loc.gov/vocabulary/relators/edt 702 $aSchwartz$b Theodore H$4edt$4http://id.loc.gov/vocabulary/relators/edt 702 $aAlmodóvar-Mercado$b Gustavo J$4aut$4http://id.loc.gov/vocabulary/relators/aut 702 $aAziz-Baban$b Muaid I$4aut$4http://id.loc.gov/vocabulary/relators/aut 702 $aBalsalobre$b Leonardo$4aut$4http://id.loc.gov/vocabulary/relators/aut 702 $aBalzer$b Jeffrey R$4aut$4http://id.loc.gov/vocabulary/relators/aut 702 $aBanu$b Matei$4aut$4http://id.loc.gov/vocabulary/relators/aut 702 $aBattaglia$b Paolo$4aut$4http://id.loc.gov/vocabulary/relators/aut 702 $aBi$b Wenya Linda$4aut$4http://id.loc.gov/vocabulary/relators/aut 702 $aBly$b Randall A$4aut$4http://id.loc.gov/vocabulary/relators/aut 702 $aBrockmeyer$b Douglas L$4aut$4http://id.loc.gov/vocabulary/relators/aut 702 $aCappabianca$b Paolo$4aut$4http://id.loc.gov/vocabulary/relators/aut 702 $aCarrau$b Ricardo L$4aut$4http://id.loc.gov/vocabulary/relators/aut 702 $aCastelnuovo$b Paolo$4aut$4http://id.loc.gov/vocabulary/relators/aut 702 $aCavallo$b Luigi Maria$4aut$4http://id.loc.gov/vocabulary/relators/aut 702 $aChu$b Jason$4aut$4http://id.loc.gov/vocabulary/relators/aut 702 $aCiporen$b Jeremy N$4aut$4http://id.loc.gov/vocabulary/relators/aut 702 $aCouloigner$b Vincent$4aut$4http://id.loc.gov/vocabulary/relators/aut 702 $aDassi$b Camila S$4aut$4http://id.loc.gov/vocabulary/relators/aut 702 $aBrito da Silva$b Harley$4aut$4http://id.loc.gov/vocabulary/relators/aut 702 $aBasso De Caro$b Maria Laura $4aut$4http://id.loc.gov/vocabulary/relators/aut 702 $aDayani$b Fara$4aut$4http://id.loc.gov/vocabulary/relators/aut 702 $aDeshmukh$b Onkar K$4aut$4http://id.loc.gov/vocabulary/relators/aut 702 $aDobri$b Georgiana$4aut$4http://id.loc.gov/vocabulary/relators/aut 702 $aDunn$b Ian F$4aut$4http://id.loc.gov/vocabulary/relators/aut 702 $aEbert$b Charles S$4aut$4http://id.loc.gov/vocabulary/relators/aut 702 $aEdwards$b Michael S.B$4aut$4http://id.loc.gov/vocabulary/relators/aut 702 $aEloy$b Jean Anderson$4aut$4http://id.loc.gov/vocabulary/relators/aut 702 $aZoghby$b Mohamed El$4aut$4http://id.loc.gov/vocabulary/relators/aut 702 $aEssayed$b Walid I$4aut$4http://id.loc.gov/vocabulary/relators/aut 702 $aEvans$b James J$4aut$4http://id.loc.gov/vocabulary/relators/aut 702 $aEwend$b Matthew G$4aut$4http://id.loc.gov/vocabulary/relators/aut 702 $aFarneti$b Paolo$4aut$4http://id.loc.gov/vocabulary/relators/aut 702 $aFernandez-Miranda$b Juan C$4aut$4http://id.loc.gov/vocabulary/relators/aut 702 $aFeroze$b Rafey A$4aut$4http://id.loc.gov/vocabulary/relators/aut 702 $aForbes$b Jonathan A$4aut$4http://id.loc.gov/vocabulary/relators/aut 702 $aFroelich$b Sébastien$4aut$4http://id.loc.gov/vocabulary/relators/aut 702 $aGangemi$b Michelangelo$4aut$4http://id.loc.gov/vocabulary/relators/aut 702 $aGardner$b Paul A$4aut$4http://id.loc.gov/vocabulary/relators/aut 702 $aGazioglu$b Nurperi$4aut$4http://id.loc.gov/vocabulary/relators/aut 702 $aGeorge$b Bernard$4aut$4http://id.loc.gov/vocabulary/relators/aut 702 $aGrant$b Gerald A$4aut$4http://id.loc.gov/vocabulary/relators/aut 702 $aHanakita$b Shunya$4aut$4http://id.loc.gov/vocabulary/relators/aut 702 $aHarsh$b Griffith R.$cIV,$4aut$4http://id.loc.gov/vocabulary/relators/aut 702 $aHarvey$b Richard$4aut$4http://id.loc.gov/vocabulary/relators/aut 702 $aHo$b Allen$4aut$4http://id.loc.gov/vocabulary/relators/aut 702 $aHoshide$b Reid$4aut$4http://id.loc.gov/vocabulary/relators/aut 702 $aHwang$b Peter H$4aut$4http://id.loc.gov/vocabulary/relators/aut 702 $aIannuzzo$b Gianpiero$4aut$4http://id.loc.gov/vocabulary/relators/aut 702 $aJanakiram$b Tiruchy Narayanan$4aut$4http://id.loc.gov/vocabulary/relators/aut 702 $aJane Jr$b John$4aut$4http://id.loc.gov/vocabulary/relators/aut 702 $aJani$b Ronak$4aut$4http://id.loc.gov/vocabulary/relators/aut 702 $aJohnston$b Douglas R$4aut$4http://id.loc.gov/vocabulary/relators/aut 702 $aKarligkiotis$b Apostolos$4aut$4http://id.loc.gov/vocabulary/relators/aut 702 $aKeen$b Joseph R$4aut$4http://id.loc.gov/vocabulary/relators/aut 702 $aKestle$b John R.W$4aut$4http://id.loc.gov/vocabulary/relators/aut 702 $aKim$b Lily$4aut$4http://id.loc.gov/vocabulary/relators/aut 702 $aKlatt-Cromwell$b Cristine N$4aut$4http://id.loc.gov/vocabulary/relators/aut 702 $aLabidi$b Moujahed$4aut$4http://id.loc.gov/vocabulary/relators/aut 702 $aLaws Jr$b Edward R$4aut$4http://id.loc.gov/vocabulary/relators/aut 702 $aLiu$b James K$4aut$4http://id.loc.gov/vocabulary/relators/aut 702 $aLocatelli$b Davide$4aut$4http://id.loc.gov/vocabulary/relators/aut 702 $aMajmundar$b Neil$4aut$4http://id.loc.gov/vocabulary/relators/aut 702 $aMangussi-Gomes$b Joăo$4aut$4http://id.loc.gov/vocabulary/relators/aut 702 $aMarconato$b Felipe$4aut$4http://id.loc.gov/vocabulary/relators/aut 702 $aMelgarejo$b Ana B$4aut$4http://id.loc.gov/vocabulary/relators/aut 702 $aMedress$b Zachary$4aut$4http://id.loc.gov/vocabulary/relators/aut 702 $aMoe$b Kris S$4aut$4http://id.loc.gov/vocabulary/relators/aut 702 $aOyesiku$b Nelson M$4aut$4http://id.loc.gov/vocabulary/relators/aut 702 $aPasquini$b Ernesto$4aut$4http://id.loc.gov/vocabulary/relators/aut 702 $aPrevedello$b Daniel M$4aut$4http://id.loc.gov/vocabulary/relators/aut 702 $aQuon$b Jennifer L$4aut$4http://id.loc.gov/vocabulary/relators/aut 702 $aRabinowitz$b Mindy R$4aut$4http://id.loc.gov/vocabulary/relators/aut 702 $aRadhounane$b Khaled$4aut$4http://id.loc.gov/vocabulary/relators/aut 702 $aRangarajan$b Sanjeet V$4aut$4http://id.loc.gov/vocabulary/relators/aut 702 $aRosen$b Marc R$4aut$4http://id.loc.gov/vocabulary/relators/aut 702 $aMousa Sadrhosseini$b Seyed$4aut$4http://id.loc.gov/vocabulary/relators/aut 702 $aSasaki-Adams$b Deanna M$4aut$4http://id.loc.gov/vocabulary/relators/aut 702 $aScharoun$b Jacques H$4aut$4http://id.loc.gov/vocabulary/relators/aut 702 $aShepard$b Matthew J$4aut$4http://id.loc.gov/vocabulary/relators/aut 702 $aSciarretta$b Vittorio$4aut$4http://id.loc.gov/vocabulary/relators/aut 702 $aSharma$b Aarti$4aut$4http://id.loc.gov/vocabulary/relators/aut 702 $aSharma$b Shilpee Bhatia$4aut$4http://id.loc.gov/vocabulary/relators/aut 702 $aSiu$b Alan$4aut$4http://id.loc.gov/vocabulary/relators/aut 702 $aSmith$b Edward R$4aut$4http://id.loc.gov/vocabulary/relators/aut 702 $aSnyderman$b Carl H$4aut$4http://id.loc.gov/vocabulary/relators/aut 702 $aSolari$b Domenico$4aut$4http://id.loc.gov/vocabulary/relators/aut 702 $aStamm$b Aldo C$4aut$4http://id.loc.gov/vocabulary/relators/aut 702 $aStapleton$b Amanda L$4aut$4http://id.loc.gov/vocabulary/relators/aut 702 $aTeo$b Charles$4aut$4http://id.loc.gov/vocabulary/relators/aut 702 $aThirumala$b Parthasarathy D$4aut$4http://id.loc.gov/vocabulary/relators/aut 702 $aThorp$b Brian D$4aut$4http://id.loc.gov/vocabulary/relators/aut 702 $aTurri-Zanoni$b Mario$4aut$4http://id.loc.gov/vocabulary/relators/aut 702 $aTyler-Kabara$b Elizabeth C$4aut$4http://id.loc.gov/vocabulary/relators/aut 702 $aVellutini$b Eduardo$4aut$4http://id.loc.gov/vocabulary/relators/aut 702 $aWalz$b Patrick C$4aut$4http://id.loc.gov/vocabulary/relators/aut 702 $aWang$b Eric W$4aut$4http://id.loc.gov/vocabulary/relators/aut 702 $aWatanabe$b Kentaro$4aut$4http://id.loc.gov/vocabulary/relators/aut 702 $aZanation$b Adam M$4aut$4http://id.loc.gov/vocabulary/relators/aut 702 $aZeinalizadeh$b Mehdi$4aut$4http://id.loc.gov/vocabulary/relators/aut 702 $aZwagerman$b Nathan T$4aut$4http://id.loc.gov/vocabulary/relators/aut 801 0$bDE-2912 906 $aBOOK 912 $a9910794115103321 996 $aPediatric Endoscopic Endonasal Skull Base Surgery$93712474 997 $aUNINA